Quiz o Katarze - Statystyki

Ogólne statystyki
  • Ten quiz został rozwiązany 1 042 razy
  • Średni wynik to 12 z 20
Statystyki odpowiedzi
Wskazówka Odpowiedź % Poprawnych
Jedyne państwo graniczące z Katarem Arabia Saudyjska
95%
Urzędowy język arabski
95%
Państwo z podobną flagą:
Bahrajn
90%
Zatoka, nad którym leży Zatoka {Perska}
86%
Stolica (według quizu „Stolice Świata") Ad-Dauha
83%
Wydarzenie, które odbędzie się w 2022 r. Mistrzostwa {świata w piłce nożnej}
80%
Podstawowy eksport Ropa naftowa
80%
Państwo, od którego Katarodzyskał niepodległość w 1971 roku Wielka Brytania
72%
Nazwij jedno z dwóch państw o wyższym PKB na mieszkańca niż Katar Monako | Liechtenstein
67%
0% terytorium Kataru jest pokryteprzez _____, jedynym państwem na świecie o powierzchni ponad 1000 km2 Lasy
66%
Katarczycy mają najwyższe naświecie emisje tego na mieszkańca Dwutlenek węgla
62%
Tytuł władcy Kataru Emir
61%
W tym państwie urodziło się ponad dwa razy więcej mieszkańców niż w samym Katarze Indie
53%
Kara za spożycie alkoholu przez muzułmanina Baty
48%
System prawny, rozpoczynający się na literę "S”, stanowiącypodstawę praw Kataru Szariat
46%
Narodowe zwierzę, oryks arabski to rodzaj ... Antylopy
37%
Przed 1920 rokiem gospodarkaKataru obracała się wokół tych wodnych skarbów Perły
37%
Waluta Rial katarski
36%
Główny nadawca wiadomości Al-Dżazira
27%
Tradycyjny żaglowiec, którego nazwa zaczyna się na literę "D” Dau
20%
Nie znaleziono quizów pasujących do podanych kryteriów
Rozkład punktacji
Procent ludzi z każdym wynikiem
Percentyl według liczby udzielonych odpowiedzi
Twoja historia wyników
Nie rozwiązałeś tego quizu